[Event "Titled Tuesday intern op 03rd May Early"]
[Site "Chess.com INT"]
[Date "2022.05.03"]
[Round "9"]
[White "Mohammadian, Mohammad"]
[Black "Peterson, Eric"]
[Result "0-1"]
[WhiteElo "1414"]
[BlackElo "2157"]
[PlyCount "36"]
[EventDate "2022.05.03"]
[EventType "swiss (blitz)"]
[EventRounds "11"]
[EventCountry "USA"]
[SourceTitle "CBM 208 Extra"]
[Source "ChessBase"]
[SourceDate "2022.07.31"]
[SourceVersion "1"]
[SourceVersionDate "2022.07.31"]
[SourceQuality "1"]

1. e4 e6 2. d4 d5 3. Nd2 c5 4. exd5 exd5 5. dxc5 Bxc5 6. c3 Nf6 7. Ngf3 0-0 8. Bd3 Nc6 9. 0-0 Bg4 10. Re1 Qd6 11. Qc2 Rfe8 12. Rxe8+ Rxe8 13. Qd1 Ne4 14. Qc2 Bxf2+ 15. Kf1 Bb6 16. Bxe4 dxe4 17. Nxe4 Qd5 18. Neg5 Qc4+ 0-1

[Event "Titled Tuesday intern op 03rd May Early"]
[Site "Chess.com INT"]
[Date "2022.05.03"]
[Round "2"]
[White "Peterson, Eric"]
[Black "Melian, Juan Sebastian"]
[Result "0-1"]
[WhiteElo "2157"]
[BlackElo "2069"]
[PlyCount "52"]
[EventDate "2022.05.03"]
[EventType "swiss (blitz)"]
[EventRounds "11"]
[EventCountry "USA"]
[SourceTitle "CBM 208 Extra"]
[Source "ChessBase"]
[SourceDate "2022.07.31"]
[SourceVersion "1"]
[SourceVersionDate "2022.07.31"]
[SourceQuality "1"]

1. e4 c5 2. d4 cxd4 3. c3 d3 4. Bxd3 d6 5. Nf3 Nc6 6. 0-0 Bg4 7. h3 Bxf3 8. Qxf3 Ne5 9. Bb5+ Nd7 10. Rd1 Ngf6 11. Bg5 Qa5 12. a4 a6 13. b4 Qc7 14. Be2 e6 15. Na3 Be7 16. Nc4 0-0 17. Rac1 b5 18. axb5 axb5 19. Na5 Ne5 20. Qg3 Nxe4 21. Qe3 Nxg5 22. f4 h6 23. fxe5 dxe5 24. h4 Nh7 25. Bf3 Rxa5 26. bxa5 Bc5 0-1

[Event "Titled Tuesday intern op 22nd Feb Late"]
[Site "Chess.com INT"]
[Date "2022.02.22"]
[Round "3"]
[White "Peterson, Eric"]
[Black "Al Hosani, Omran"]
[Result "0-1"]
[WhiteElo "2157"]
[BlackElo "2191"]
[PlyCount "80"]
[EventDate "2022.02.22"]
[EventType "swiss (blitz)"]
[EventRounds "11"]
[EventCountry "USA"]
[SourceTitle "CBM 207 Extra"]
[Source "ChessBase"]
[SourceDate "2022.05.31"]
[SourceVersion "1"]
[SourceVersionDate "2022.05.31"]
[SourceQuality "1"]

1. e4 c6 2. d4 d5 3. exd5 cxd5 4. c4 dxc4 5. Bxc4 e6 6. Nc3 Nf6 7. Nf3 Be7 8. 0-0 0-0 9. Be3 Nbd7 10. Qe2 Nb6 11. Bb3 Bd7 12. Rfd1 Bc6 13. Ne5 Bd5 14. Nxd5 Nbxd5 15. Rac1 Rc8 16. a3 Qb6 17. Bc4 Nxe3 18. fxe3 Rfd8 19. Kh1 Bd6 20. Nf3 Ne4 21. Bd3 Nf6 22. e4 Bf4 23. Rxc8 Rxc8 24. g3 Bh6 25. Kg2 Ng4 26. Kh1 Be3 27. Rf1 Bxd4 28. e5 Nf2+ 29. Kg2 Nxd3 30. Qxd3 Qxb2+ 31. Kh3 Bxe5 32. Rd1 Bf6 33. Qd7 Rf8 34. a4 h6 35. Rd2 Qb3 36. Kg2 Rd8 37. Qxd8+ Bxd8 38. Rxd8+ Kh7 39. Rd4 a6 40. Re4 Qc2+ 0-1

[Event "Titled Tuesday intern op 22nd Feb Late"]
[Site "Chess.com INT"]
[Date "2022.02.22"]
[Round "11"]
[White "Peterson, Eric"]
[Black "Fiorito, Fabian"]
[Result "0-1"]
[WhiteElo "2157"]
[BlackElo "2357"]
[PlyCount "146"]
[EventDate "2022.02.22"]
[EventType "swiss (blitz)"]
[EventRounds "11"]
[EventCountry "USA"]
[SourceTitle "CBM 207 Extra"]
[Source "ChessBase"]
[SourceDate "2022.05.31"]
[SourceVersion "1"]
[SourceVersionDate "2022.05.31"]
[SourceQuality "1"]

1. e4 c6 2. d4 d5 3. exd5 cxd5 4. c4 Nf6 5. Nc3 Nc6 6. Bg5 dxc4 7. Bxc4 e6 8. Nf3 Be7 9. 0-0 0-0 10. Re1 h6 11. Bh4 b6 12. a3 Bb7 13. Qd3 Rc8 14. Rad1 Na5 15. Ba2 Nd5 16. Bb1 g6 17. Bxe7 Qxe7 18. Ne5 Qg5 19. Ne4 Nf4 20. Qf3 Bxe4 21. Bxe4 Kg7 22. g3 Nh5 23. b4 Nc4 24. Nxc4 Rxc4 25. d5 Nf6 26. Bd3 Rc3 27. dxe6 fxe6 28. Rxe6 Rf7 29. h4 Qh5 30. Qxh5 gxh5 31. a4 Rd7 32. Re3 Ng4 33. Rf3 Ne5 34. Re3 Rcxd3 35. Rdxd3 Nxd3 36. b5 Nc5 37. Re5 Nxa4 38. Rxh5 Nc3 39. Re5 Nd5 40. Kg2 Kf6 41. f4 Nc3 42. Kh3 Rd5 43. Re8 Nxb5 44. Ra8 a5 45. Kg4 Nd4 46. Rb8 Rd6 47. h5 a4 48. Rh8 Kg7 49. Ra8 b5 50. f5 Kf6 51. Rf8+ Kg7 52. Ra8 Rf6 53. Ra7+ Rf7 54. Ra6 Rxf5 55. Rg6+ Kh7 56. Rd6 Rg5+ 57. Kf4 Nf5 58. Rd7+ Kg8 59. g4 Ng7 60. Rd8+ Kh7 61. Rd7 Rc5 62. Ra7 Rc4+ 63. Kg3 Rc3+ 64. Kh4 a3 65. Ra6 Rb3 66. Ra5 b4 67. g5 hxg5+ 68. Kxg5 Rb2 69. Ra7 Rg2+ 70. Kh4 Rh2+ 71. Kg3 Rxh5 72. Rb7 a2 73. Ra7 b3 0-1

[Event "Titled Tuesday intern op 22nd Feb Late"]
[Site "Chess.com INT"]
[Date "2022.02.22"]
[Round "1"]
[White "Peterson, Eric"]
[Black "Pinheiro, Iung Alicio"]
[Result "1-0"]
[WhiteElo "2157"]
[BlackElo "2320"]
[PlyCount "125"]
[EventDate "2022.02.22"]
[EventType "swiss (blitz)"]
[EventRounds "11"]
[EventCountry "USA"]
[SourceTitle "CBM 207 Extra"]
[Source "ChessBase"]
[SourceDate "2022.05.31"]
[SourceVersion "1"]
[SourceVersionDate "2022.05.31"]
[SourceQuality "1"]

1. e4 c5 2. d4 cxd4 3. c3 dxc3 4. Nxc3 Nc6 5. Nf3 d6 6. Bc4 a6 7. e5 dxe5 8. Qxd8+ Nxd8 9. Nd5 Ne6 10. Nb6 Rb8 11. Nxe5 Nf6 12. Nxf7 Kxf7 13. Bf4 Nd7 14. Nxd7 Bxd7 15. Bxb8 Kf6 16. Bxe6 Bxe6 17. 0-0 Bd5 18. Rfe1 e6 19. Be5+ Kf7 20. Rac1 Bc6 21. Rc4 Be7 22. Rf4+ Bf6 23. Bxf6 gxf6 24. Rd4 e5 25. Rd6 Ke7 26. Red1 Rg8 27. g3 Rg4 28. b3 a5 29. a4 Rb4 30. R6d3 h5 31. Rc3 Ke6 32. h4 Bd5 33. Rdd3 f5 34. Kf1 f4 35. Ke2 Bc6 36. gxf4 exf4 37. Kd2 f3 38. Rd8 Rxh4 39. Re3+ Kf7 40. Ra8 Rh2 41. Ke1 Rh1+ 42. Kd2 Rf1 43. Rxa5 Rxf2+ 44. Kd3 Rh2 45. Rf5+ Kg6 46. Rfxf3 Bxf3 47. Rxf3 h4 48. Kc4 Kg5 49. b4 Kg4 50. Rf7 h3 51. Rxb7 Ra2 52. a5 h2 53. Rh7 Kg3 54. Kb5 Kg2 55. Ka6 Ra3 56. Rxh2+ Kxh2 57. b5 Kg3 58. b6 Kf4 59. b7 Rb3 60. Ka7 Rb5 61. a6 Ke5 62. b8Q+ Rxb8 63. Kxb8 1-0

[Event "Titled Tuesday intern op 01st Feb-B"]
[Site "Chess.com INT"]
[Date "2022.02.02"]
[Round "2"]
[White "Domingo Nunez, Alejandro"]
[Black "Peterson, Eric"]
[Result "1-0"]
[WhiteElo "2339"]
[BlackElo "2157"]
[PlyCount "103"]
[EventDate "2022.02.02"]
[EventType "swiss (blitz)"]
[EventRounds "11"]
[EventCountry "USA"]
[SourceTitle "CBM 206 Extra"]
[Source "ChessBase"]
[SourceDate "2022.03.31"]
[SourceVersion "1"]
[SourceVersionDate "2022.03.31"]
[SourceQuality "1"]

1. d4 e6 2. g3 d5 3. Bg2 Nf6 4. Nf3 Be7 5. 0-0 0-0 6. c4 dxc4 7. Qc2 a6 8. a4 Bd7 9. Qxc4 Bc6 10. Nc3 Nbd7 11. Qb3 Nb6 12. a5 Nbd5 13. Re1 Nxc3 14. bxc3 h6 15. Bh3 b6 16. Ne5 Bb7 17. Qc2 b5 18. e4 c5 19. Bb2 Rc8 20. Qd3 cxd4 21. cxd4 Bb4 22. Re2 Bxa5 23. d5 exd5 24. Bxc8 Qxc8 25. Rxa5 dxe4 26. Qc3 e3 27. Qxc8 Rxc8 28. fxe3 Ne4 29. Ra1 f6 30. Ng6 Kf7 31. Nf4 Rc4 32. Rc1 Nd6 33. Ba3 Nf5 34. Rxc4 bxc4 35. Bc5 Bc6 36. e4 Ne7 37. Bxe7 Kxe7 38. Rc2 Bb5 39. Kf2 Kd6 40. Ke3 Kc5 41. Ne6+ Kb4 42. Kd4 Kb3 43. Rc3+ Kb4 44. Nxg7 a5 45. Nh5 a4 46. Nxf6 Ba6 47. Nd5+ Kb5 48. Rxc4 a3 49. Rb4+ Ka5 50. Rb3 Ka4 51. Rb6 Bb5 52. Nc3+ 1-0

[Event "Titled Tuesday intern op 01st Feb-B"]
[Site "Chess.com INT"]
[Date "2022.02.02"]
[Round "5"]
[White "Papp, Petra"]
[Black "Peterson, Eric"]
[Result "1-0"]
[WhiteElo "2336"]
[BlackElo "2157"]
[PlyCount "57"]
[EventDate "2022.02.02"]
[EventType "swiss (blitz)"]
[EventRounds "11"]
[EventCountry "USA"]
[SourceTitle "CBM 206 Extra"]
[Source "ChessBase"]
[SourceDate "2022.03.31"]
[SourceVersion "1"]
[SourceVersionDate "2022.03.31"]
[SourceQuality "1"]

1. d4 e6 2. g3 d5 3. Bg2 Nf6 4. Nf3 Be7 5. c4 0-0 6. 0-0 dxc4 7. a4 Nc6 8. Qc2 Nxd4 9. Qxc4 Nxf3+ 10. Bxf3 e5 11. Qc2 c6 12. a5 a6 13. Nc3 Be6 14. Rd1 Qc7 15. Be3 Rad8 16. Rdc1 Qc8 17. Na4 Nd7 18. Rd1 Qc7 19. Qc3 f6 20. b4 Rc8 21. Rac1 Kh8 22. Kg2 Rfe8 23. h4 Bf8 24. h5 h6 25. Be4 f5 26. Bb1 f4 27. Bb6 Nxb6 28. axb6 Rcd8 29. bxc7 1-0

[Event "Titled Tuesday intern op 01st Feb-A"]
[Site "Chess.com INT"]
[Date "2022.02.01"]
[Round "3"]
[White "Barp, Alberto"]
[Black "Peterson, Eric"]
[Result "1/2-1/2"]
[WhiteElo "2388"]
[BlackElo "2157"]
[PlyCount "123"]
[EventDate "2022.02.01"]
[EventType "swiss (blitz)"]
[EventRounds "11"]
[EventCountry "USA"]
[SourceTitle "CBM 206 Extra"]
[Source "ChessBase"]
[SourceDate "2022.03.31"]
[SourceVersion "1"]
[SourceVersionDate "2022.03.31"]
[SourceQuality "1"]

1. d4 e6 2. Nf3 d5 3. c4 Nf6 4. g3 Be7 5. Bg2 0-0 6. Qb3 dxc4 7. Qxc4 Nbd7 8. Bf4 c6 9. 0-0 Nb6 10. Qc2 Nbd5 11. Bd2 Bd7 12. a3 Rc8 13. e4 Nb6 14. Bb4 c5 15. Bxc5 Na4 16. Bxe7 Rxc2 17. Bxd8 Rxd8 18. b3 Nc3 19. Nxc3 Rxc3 20. Ne5 Rxb3 21. Rfb1 Rxb1+ 22. Rxb1 b6 23. Rc1 Rc8 24. Rxc8+ Bxc8 25. Nc6 Bb7 26. d5 Kf8 27. Nxa7 exd5 28. e5 Ne4 29. Bxe4 dxe4 30. Nb5 Ke7 31. Nd6 Bd5 32. Nc8+ Ke6 33. Nxb6 Kxe5 34. Nxd5 Kxd5 35. f3 exf3 36. Kf2 Kc5 37. Kxf3 Kb5 38. Ke4 Ka4 39. Ke5 Kxa3 40. Kd6 Kb4 41. Ke7 f5 42. Ke6 g6 43. Kf6 Kc4 44. h4 Kd5 45. Kg7 Ke5 46. Kxh7 Kf6 47. Kh6 Kf7 48. Kg5 Kg7 49. h5 gxh5 50. Kxh5 f4 51. gxf4 Kf6 52. Kg4 Kg6 53. f5+ Kf6 54. Kf4 Kf7 55. Ke5 Ke7 56. f6+ Kf7 57. Kf5 Kf8 58. Kg5 Kf7 59. Kf5 Kf8 60. Ke6 Ke8 61. Ke5 Kf7 62. Kf5 1/2-1/2

[Event "Titled Tuesday intern op 01st Feb-A"]
[Site "Chess.com INT"]
[Date "2022.02.01"]
[Round "4"]
[White "Peterson, Eric"]
[Black "Aketayeva, Dana"]
[Result "1-0"]
[WhiteElo "2157"]
[BlackElo "2130"]
[PlyCount "135"]
[EventDate "2022.02.01"]
[EventType "swiss (blitz)"]
[EventRounds "11"]
[EventCountry "USA"]
[SourceTitle "CBM 206 Extra"]
[Source "ChessBase"]
[SourceDate "2022.03.31"]
[SourceVersion "1"]
[SourceVersionDate "2022.03.31"]
[SourceQuality "1"]

1. e4 c5 2. d4 Nc6 3. dxc5 Qa5+ 4. Nc3 Qxc5 5. Be3 Qb4 6. Qd2 g6 7. a3 Qa5 8. Nd5 Qxd2+ 9. Kxd2 Kd8 10. Nf3 e6 11. Nc3 Be7 12. Ng5 Bxg5 13. Bxg5+ f6 14. Be3 Nge7 15. Bc4 f5 16. exf5 gxf5 17. Rad1 d5 18. Ba2 d4 19. Kc1 e5 20. Bg5 Bd7 21. Nd5 h6 22. Bh4 Rh7 23. Rhe1 e4 24. Nxe7 Nxe7 25. Rxd4 Kc7 26. Bg3+ Kc8 27. f3 Nc6 28. Rd6 exf3 29. gxf3 h5 30. Be6 Bxe6 31. Rexe6 h4 32. Bf4 Rd7 33. Re8+ Rd8 34. Rexd8+ Nxd8 35. Bg5 Kc7 36. Rxd8 Rxd8 37. Bxd8+ Kxd8 38. Kd2 Ke7 39. Ke3 Ke6 40. Kf4 Kf6 41. c4 b6 42. b4 a6 43. c5 bxc5 44. bxc5 Ke6 45. c6 a5 46. c7 Kd7 47. Kxf5 Kxc7 48. Kg4 Kb6 49. f4 Kb5 50. f5 Kc5 51. f6 Kd6 52. f7 Ke7 53. Kxh4 Kxf7 54. Kg5 Kg7 55. a4 Kf7 56. Kf5 Ke7 57. Ke5 Kd7 58. Kd5 Kc7 59. Kc5 Kb7 60. Kb5 Ka7 61. Kxa5 Kb7 62. Kb5 Kc7 63. a5 Kb7 64. h4 Kc7 65. h5 Kd7 66. h6 Ke7 67. h7 Kf7 68. h8Q 1-0

[Event "Titled Tuesday intern op 01st Feb-A"]
[Site "Chess.com INT"]
[Date "2022.02.01"]
[Round "9"]
[White "Peterson, Eric"]
[Black "Turzo, Attila"]
[Result "0-1"]
[WhiteElo "2157"]
[BlackElo "2340"]
[PlyCount "144"]
[EventDate "2022.02.01"]
[EventType "swiss (blitz)"]
[EventRounds "11"]
[EventCountry "USA"]
[SourceTitle "CBM 206 Extra"]
[Source "ChessBase"]
[SourceDate "2022.03.31"]
[SourceVersion "1"]
[SourceVersionDate "2022.03.31"]
[SourceQuality "1"]

1. e4 c5 2. d4 cxd4 3. c3 Nf6 4. e5 Nd5 5. Qxd4 e6 6. Nf3 d6 7. Nbd2 Nc6 8. Qe4 dxe5 9. Nxe5 Nxe5 10. Qxe5 Qc7 11. Bb5+ Bd7 12. Bxd7+ Qxd7 13. 0-0 Qc7 14. Qxc7 Nxc7 15. Ne4 Be7 16. Be3 Nd5 17. Bd4 f5 18. Nd2 Kf7 19. Rfe1 Bf6 20. Nf3 a6 21. Rad1 b5 22. Bxf6 Kxf6 23. g3 Rad8 24. Nd4 Rhe8 25. f4 Nc7 26. Nc6 Rd5 27. Nb4 Rdd8 28. Nc6 Rxd1 29. Rxd1 Nd5 30. Ne5 Rc8 31. Kf2 a5 32. Rd2 a4 33. a3 g5 34. Nd3 gxf4 35. Nxf4 Nxf4 36. gxf4 Rg8 37. Rd6 Rg4 38. Kf3 Rh4 39. Rd2 Rh3+ 40. Kg2 Re3 41. Kf2 Re4 42. Kf3 Rc4 43. Re2 Rc5 44. h4 Rd5 45. Ke3 e5 46. Kf3 e4+ 47. Kf2 Rd3 48. Kg2 Ke6 49. Kh2 Rf3 50. Rd2 Rxf4 51. Rd8 Rxh4+ 52. Kg3 Rg4+ 53. Kf2 h5 54. Re8+ Kd5 55. Rb8 Kc4 56. Rc8+ Kd3 57. Rc5 Rf4+ 58. Ke1 e3 59. Rxb5 Rh4 60. Rd5+ Ke4 61. Ra5 Rh1+ 62. Ke2 Rh2+ 63. Ke1 f4 64. Rxa4+ Kf3 65. Kd1 Rh1+ 66. Kc2 e2 67. Rd4 e1Q 68. Kb3 Qe6+ 69. c4 Rb1 70. Rd3+ Ke4 71. Rc3 Qb6+ 72. Kc2 Qxb2# 0-1

[Event "Pardubice Czech op-A 25th"]
[Site "Pardubice"]
[Date "2014.07.18"]
[Round "1"]
[White "Peterson, Eric"]
[Black "Malakhov, Igor"]
[Result "0-1"]
[WhiteElo "2227"]
[BlackElo "2454"]
[PlyCount "72"]
[EventDate "2014.07.18"]
[EventType "swiss"]
[EventRounds "9"]
[EventCountry "CZE"]
[SourceTitle "CBM 161 Extra"]
[Source "ChessBase"]
[SourceDate "2014.08.29"]
[SourceVersion "1"]
[SourceVersionDate "2014.08.29"]
[SourceQuality "1"]

1. e4 c5 2. c3 Nf6 3. e5 Nd5 4. d4 cxd4 5. Nf3 e6 6. cxd4 d6 7. Bc4 Nc6 8. 0-0 Be7 9. Bd2 0-0 10. Nc3 Nb6 11. Bb3 d5 12. Rc1 Na5 13. Bc2 Nbc4 14. b3 Nxd2 15. Qxd2 Bd7 16. Bb1 Rc8 17. Ne2 Nc6 18. Ng3 f6 19. exf6 Rxf6 20. Ne5 Be8 21. Qd3 g6 22. Rfe1 Nxe5 23. dxe5 Rf7 24. Qd4 Ba3 25. Rxc8 Qxc8 26. Qd2 Bc5 27. Re2 Bb6 28. Bd3 Qc5 29. Qc2 Qd4 30. Nf1 Rc7 31. Qb1 Rc3 32. Re3 Bc5 33. Ng3 Qxe3 34. fxe3 Bxe3+ 35. Kf1 Rc1+ 36. Qxc1 Bxc1 0-1

[Event "Kouty nad Desnou op-A"]
[Site "Kouty nad Desnou"]
[Date "2014.03.15"]
[Round "9"]
[White "Peterson, Eric"]
[Black "Kislinsky, Alexey"]
[Result "0-1"]
[WhiteElo "2237"]
[BlackElo "2500"]
[PlyCount "74"]
[EventDate "2014.03.08"]
[EventType "swiss"]
[EventRounds "9"]
[EventCountry "CZE"]
[SourceTitle "EXT 2015"]
[Source "ChessBase"]
[SourceDate "2014.11.20"]
[SourceVersion "1"]
[SourceVersionDate "2014.11.20"]
[SourceQuality "1"]

1. e4 d6 2. d4 Nf6 3. Nc3 g6 4. f4 Bg7 5. Nf3 0-0 6. e5 dxe5 7. dxe5 Nh5 8. Be3 Bh6 9. g3 Nc6 10. Bb5 Bd7 11. Qe2 a6 12. Bc4 Bg4 13. Qf2 Qd7 14. Rd1 Qf5 15. 0-0 Rad8 16. Bd5 Ng7 17. Bc5 Ne6 18. Bxc6 Nxc5 19. Rxd8 Rxd8 20. Qxc5 bxc6 21. Nd4 Qh5 22. Ne4 Bf8 23. Nxc6 Bh3 24. Nxd8 Qe2 25. Qf2 Qxe4 26. Re1 Qd5 27. e6 Qxd8 28. exf7+ Kxf7 29. c3 e6 30. Qd4 Qa8 31. Re2 Qf3 32. Rf2 Qc6 33. b4 Bg7 34. Qc5 Qxc5 35. bxc5 Bxc3 36. Rc2 Bd4+ 37. Kh1 Bf5 0-1

[Event "Kouty nad Desnou op-A"]
[Site "Kouty nad Desnou"]
[Date "2014.03.08"]
[Round "1"]
[White "Tuma, Jan"]
[Black "Peterson, Eric"]
[Result "1/2-1/2"]
[WhiteElo "1835"]
[BlackElo "2237"]
[PlyCount "53"]
[EventDate "2014.03.08"]
[EventType "swiss"]
[EventRounds "9"]
[EventCountry "CZE"]
[SourceTitle "EXT 2015"]
[Source "ChessBase"]
[SourceDate "2014.11.20"]
[SourceVersion "1"]
[SourceVersionDate "2014.11.20"]
[SourceQuality "1"]

1. e4 e6 2. c4 d5 3. cxd5 exd5 4. exd5 Nf6 5. Bb5+ Nbd7 6. Nc3 a6 7. Be2 Nb6 8. Bf3 Nbxd5 9. Nge2 Be7 10. 0-0 0-0 11. a3 c6 12. b3 Bf5 13. Bb2 Qd7 14. Re1 Rfe8 15. Ng3 Bg6 16. Nce4 Rad8 17. Nh5 Nxh5 18. Bxh5 Bxh5 19. Qxh5 Nf4 20. Qf3 Nd3 21. Bc3 Nxe1 22. Qg3 g6 23. Qe5 f6 24. Nxf6+ Bxf6 25. Qxf6 Nd3 26. Qh8+ Kf7 27. Qf6+ 1/2-1/2

[Event "Marianske Lazne op 13th"]
[Site "Marianske Lazne"]
[Date "2014.01.21"]
[Round "5"]
[White "Peterson, Eric"]
[Black "Piotrowski, Przemyslaw"]
[Result "1-0"]
[WhiteElo "2229"]
[BlackElo "2013"]
[PlyCount "59"]
[EventDate "2014.01.18"]
[EventType "swiss"]
[EventRounds "9"]
[EventCountry "CZE"]
[SourceTitle "CBM 158 Extra"]
[Source "ChessBase"]
[SourceDate "2014.02.28"]
[SourceVersion "1"]
[SourceVersionDate "2014.02.28"]
[SourceQuality "1"]

1. e4 c5 2. c3 Nf6 3. e5 Nd5 4. d4 cxd4 5. Nf3 e6 6. cxd4 Nc6 7. Bc4 d6 8. 0-0 dxe5 9. dxe5 Be7 10. Qe2 Qa5 11. Bd2 Qc7 12. Nc3 Nxc3 13. Bxc3 a6 14. Rac1 b5 15. Bd3 Bb7 16. Rfe1 Rd8 17. Bb1 Qb6 18. a3 a5 19. Bd2 Bc5 20. Bg5 Rd7 21. Qc2 Be7 22. Be3 Qd8 23. Red1 g6 24. Rxd7 Qxd7 25. Rd1 Qc8 26. Bh6 Bd8 27. Qc5 b4 28. Bg7 Rg8 29. Bf6 bxa3 30. Rxd8+ 1-0